[Event "Mar del Plata Schools 19th"]
[Site "Mar del Plata"]
[Date "2013.11.23"]
[Round "1.3"]
[White "Rincon R, Javier Duvan"]
[Black "Perez Illiquin, Erick"]
[Result "1-0"]
[WhiteElo "1658"]
[BlackElo "1578"]
[PlyCount "81"]
[EventDate "2013.11.23"]
[EventType "team-tourn"]
[EventRounds "9"]
[EventCountry "ARG"]
[SourceTitle "CBM 157 Extra"]
[Source "ChessBase"]
[SourceDate "2013.12.19"]
[SourceVersion "1"]
[SourceVersionDate "2013.12.19"]
[SourceQuality "1"]
[WhiteTeam "Colombia"]
[BlackTeam "Ecuador"]
[WhiteTeamCountry "COL"]
[BlackTeamCountry "ECU"]

1. e4 c5 2. Nf3 g6 3. d4 cxd4 4. Nxd4 Bg7 5. Be3 Nc6 6. c4 Nf6 7. Nc3 Ng4 8. Nxc6 Nxe3 9. Nxd8 Nxd1 10. Rxd1 Kxd8 11. Rd3 b6 12. g3 Bb7 13. Bg2 Rc8 14. b3 Bxc3+ 15. Rxc3 f5 16. Re3 g5 17. 0-0 f4 18. Rd3 Rc5 19. Rfd1 Rc7 20. Bh3 Bc8 21. e5 Rf8 22. Bxd7 Bxd7 23. e6 Rf6 24. Rxd7+ Rxd7 25. Rxd7+ Ke8 26. Rxa7 Rxe6 27. Kg2 fxg3 28. hxg3 g4 29. Ra8+ Kd7 30. Rh8 h6 31. Rg8 Re2 32. Rxg4 Rxa2 33. Rg6 e6 34. Rxh6 Rb2 35. Rh5 Rxb3 36. Rb5 Rc3 37. Rxb6 Rxc4 38. Kf3 Ke7 39. g4 Kf6 40. Kg3 Rc3+ 41. f3 1-0

[Event "Wch U12"]
[Site "Caldas Novas"]
[Date "2011.11.18"]
[Round "1"]
[White "Cori Quispe, Kevin Joel"]
[Black "Perez Illiquin, Erick"]
[Result "1-0"]
[WhiteElo "2008"]
[BlackElo "1602"]
[PlyCount "79"]
[EventDate "2011.11.18"]
[EventType "swiss"]
[EventRounds "9"]
[EventCountry "BRA"]
[SourceTitle "EXT 2013"]
[Source "ChessBase"]
[SourceDate "2012.11.22"]
[SourceVersion "1"]
[SourceVersionDate "2012.11.22"]
[SourceQuality "1"]

1. e4 c5 2. Nf3 Nc6 3. Bb5 g6 4. Bxc6 bxc6 5. 0-0 Bg7 6. c3 e5 7. d4 cxd4 8. cxd4 exd4 9. Nxd4 Ne7 10. Nc3 0-0 11. Be3 d6 12. Qd2 Re8 13. Rad1 Ba6 14. Rfe1 Qc7 15. Bf4 Rad8 16. Nf3 Nc8 17. h4 Qa5 18. Nd4 Bb7 19. Nb3 Qh5 20. f3 Bf6 21. g4 Qxh4 22. Kg2 Be5 23. Rh1 Qe7 24. Rh3 d5 25. Bxe5 Qxe5 26. Qh6 Qg7 27. Rdh1 Qxh6 28. Rxh6 Nd6 29. Nc5 dxe4 30. N3xe4 Nxe4 31. Nxe4 Kf8 32. Rxh7 Re5 33. Kg3 c5 34. Kf4 Red5 35. Ng5 Rd4+ 36. Kg3 R8d7 37. Nxf7 Rd2 38. Ne5 Rxh7 39. Rxh7 g5 40. Rxb7 1-0